Enciclopedia de paz y conflictos /

Salvato in:
Dettagli Bibliografici
Altri autori: López Martínez, Mario (dir.) Direttore, Martínez López, Cándida (presentación) (presentación), Aguilar Peña, David (presentación) (presentación)
Natura: Libro
Lingua:spagnolo
Pubblicazione: Granada, España : Universidad de Granada, Instituto de la Paz y los Conflictos : Junta de Andalucía, Consejería de Educación y Ciencia, 2004, c2004
Serie:(Eirene) [s.n.]
Soggetti:
Tags: Aggiungi Tag
Nessun Tag, puoi essere il primo ad aggiungerne!!

MARC

LEADER 00000nam^a2200000^a^4500
001 000193999
005 20250521000000.0
009 20260310102701.392
020 |a 84-338-3095-3 
037 |a Acervo ITESO - Biblioteca 
041 |a ESP 
082 |a 327. 16  |b LOP 
100 |a López Martínez, Mario  |e (dir.) 
245 1 0 |a Enciclopedia de paz y conflictos /  |c Dir. y presen. de M. López Martínez; presen. de C. Martínez López, D. Aguilar Peña. 
264 4 |a Granada, España :  |b Universidad de Granada, Instituto de la Paz y los Conflictos :  |b Junta de Andalucía, Consejería de Educación y Ciencia,  |c 2004, c2004 
300 |a 2 v. (LXI, 1227) 
336 |a texto  |b txt  |2 rdacontenido 
337 |a sin mediación  |b n  |2 rdamedio 
338 |a volumen  |b nc  |2 rdasoporte 
440 1 |a (Eirene) [s.n.] 
649 |a XX 
650 |a Guerra y Paz -  |x Enciclopedias y Diccionarios -  |x Tema Principal 
650 |a Derechos Humanos -  |x Enciclopedias y Diccionarios 
650 |a Derecho Internacional -  |x Enciclopedias y Diccionarios 
650 |a Relaciones Internacionales -  |x Enciclopedias y Diccionarios 
650 |a Política Internacional -  |x Enciclopedias y Diccionarios 
650 |a Enciclopedias y Diccionarios 
700 |a Martínez López, Cándida  |e (presentación) 
700 |a Aguilar Peña, David  |e (presentación) 
910 |a Fondo General 
920 |a Impresos - Libros 
930 |a Obras de Referencia 
905 |a 102 
901 |a 0500139241  |b IT2  |c REF  |u 20250521 
901 |a 0500139235  |b IT2  |c REF  |u 20250521 
902 |a https://opac.biblio.iteso.mx/vufind/Record/000193999